| 000 | 00433nam a2200181Ia 4500 | ||
|---|---|---|---|
| 005 | 20241004004520.0 | ||
| 008 | 240331s9999 xx 000 0 und d | ||
| 020 | _a0415096960 | ||
| 082 |
_bGAY _a820 |
||
| 100 | _aGay,P | ||
| 245 | 0 |
_aAs she likes it : _bShakespeare's unruly women |
|
| 260 |
_aLondon _bRoutledge _c1994 |
||
| 300 | _axii, 208 p ., | ||
| 650 | _aGender | ||
| 650 | _aCulture | ||
| 650 | _aPolitical | ||
| 942 | _cL | ||
| 999 |
_c3165 _d3165 |
||